000 00319nam a2200121 i 4500
001 bg
245 0 _aIdee ekologii w świadomości społecznej /
_cpod red. K. Łostowskiego, M. Rafińskiego.
260 _aPoznań,
_c1992.
040 _cBPK
041 _apol
942 _cKS
008 s pl f |000 0 pol
999 _c29747
_d29747
856 _uhttp://koha.tu.koszalin.pl/cgi-bin/koha/opac-detail.pl?biblionumber=29747
_yKatalog online BPK